<?xml version="1.0" encoding="UTF-8"?>
<record
    xmlns:xsi="http://www.w3.org/2001/XMLSchema-instance"
    xsi:schemaLocation="http://www.loc.gov/MARC21/slim http://www.loc.gov/standards/marcxml/schema/MARC21slim.xsd"
    xmlns="http://www.loc.gov/MARC21/slim">

  <leader>01100nam a22001577a 4500</leader>
  <controlfield tag="003">OSt</controlfield>
  <controlfield tag="005">20260216145145.0</controlfield>
  <controlfield tag="008">260216b        |||||||| |||| 00| 0 eng d</controlfield>
  <datafield tag="020" ind1=" " ind2=" ">
    <subfield code="a">9780143444343</subfield>
  </datafield>
  <datafield tag="100" ind1=" " ind2=" ">
    <subfield code="4">Murty S.</subfield>
  </datafield>
  <datafield tag="245" ind1=" " ind2=" ">
    <subfield code="a">Best Loved Stories of Sudha Murty</subfield>
  </datafield>
  <datafield tag="260" ind1=" " ind2=" ">
    <subfield code="a">Haryana </subfield>
    <subfield code="b">Penguin Books</subfield>
    <subfield code="c">2018</subfield>
  </datafield>
  <datafield tag="300" ind1=" " ind2=" ">
    <subfield code="a">243pp.</subfield>
  </datafield>
  <datafield tag="520" ind1=" " ind2=" ">
    <subfield code="a">udha Murty is the chairperson of the Infosys Foundation in India. She has a master's degree in electrical engineering from the Indian Institute of Science, Bangalore. She started her career as a development engineer and has also taught computer science at Bangalore University colleges. Sudha Murty is a prolific writer in Kannada and English. She is a columnist for English and Kannada dailies with twenty-nine books and 200 titles to her credit. Her books have been translated into all major Indian languages. She has been honoured with various awards for her philanthropic and literary efforts. She has also received the Padma Shri from the Government of India as well as seven honorary doctorates from universities in India.
</subfield>
  </datafield>
  <datafield tag="942" ind1=" " ind2=" ">
    <subfield code="2">ddc</subfield>
    <subfield code="c">BK</subfield>
  </datafield>
  <datafield tag="999" ind1=" " ind2=" ">
    <subfield code="c">370451</subfield>
    <subfield code="d">370451</subfield>
  </datafield>
  <datafield tag="952" ind1=" " ind2=" ">
    <subfield code="0">0</subfield>
    <subfield code="1">0</subfield>
    <subfield code="2">ddc</subfield>
    <subfield code="4">0</subfield>
    <subfield code="7">0</subfield>
    <subfield code="a">001</subfield>
    <subfield code="b">001</subfield>
    <subfield code="d">2025-12-16</subfield>
    <subfield code="l">0</subfield>
    <subfield code="p">KBJP-D-635</subfield>
    <subfield code="r">2026-02-16 15:11:20</subfield>
    <subfield code="w">2026-02-16</subfield>
    <subfield code="y">BK</subfield>
    <subfield code="z">635</subfield>
  </datafield>
</record>
